000 00728nam a2200253Ia 4500
003 OSt
005 20220918223342.0
006 a|||||r|||| 00| 0
007 ta
008 220917b |||||||| |||| 00| 0 eng d
024 _a222,070
037 _cTextual
040 _aARTS
_cARTS
_beng
041 _2eng
_aeng
082 _aV654.P, P4
100 _aNwachuku Levi A. Ed.
_9145576
245 0 _aTroubled journey
_b Nigeria since the civil war
260 _aDallas
_bUniversity. Press of America
_c2004
300 _axxvi, 340p
_ccm.
650 _aHISTORY
700 _a Uzoigwe G. N. Ed.
_9145577
942 _hV654.P, P4
_cTEXL
_2CC
999 _c278248
_d278248